The Macmillan-Eisenhower Correspondence, 1957-1969 /

The Macmillan-Eisenhower Correspondence provides, for the first time, an edition of the messages exchanged between Harold Macmillan and Dwight D. Eisenhower during their tenures as national leaders in the late 1950s. The collection consists of more than 400 letters, cables and transcripts of telepho...

Full description

Bibliographic Details
Corporate Author: SpringerLink (Online service)
Other Authors: Edmonds, Anthony O. (Editor), Geelhoed, E. Bruce (Editor)
Format: eBook
Language:English
Published: London : Palgrave Macmillan UK : Imprint: Palgrave Macmillan, 2005.
Subjects:
Online Access:Connect to the full text of this electronic book

MARC

Tag First Indicator Second Indicator Subfields
LEADER 00000cam a22000005i 4500
001 in00003728621
005 20210728125844.0
006 m o d
007 cr nn 008mamaa
008 151215s2005 xxk| o |||| 0|eng d
020 |a 9780230554825  |9 978-0-230-55482-5 
024 7 |a 10.1057/9780230554825  |2 doi 
035 |a (DE-He213)978-0-230-55482-5 
035 |a 5307905 
040 |d UtOrBLW 
043 |a n------  |a e-uk--- 
072 7 |a HBJD1  |2 bicssc 
072 7 |a HIS015000  |2 bisacsh 
082 0 4 |a 941  |2 23 
245 0 4 |a The Macmillan-Eisenhower Correspondence, 1957-1969 /  |c edited by E. Bruce Geelhoed, Anthony O. Edmonds. 
264 1 |a London :  |b Palgrave Macmillan UK :  |b Imprint: Palgrave Macmillan,  |c 2005. 
300 |a 1 online resource (IX, 436 pages) 
336 |a text  |b txt  |2 rdacontent 
337 |a computer  |b c  |2 rdamedia 
338 |a online resource  |b cr  |2 rdacarrier 
347 |a text file  |b PDF  |2 rda 
500 |a Electronic resource. 
520 |a The Macmillan-Eisenhower Correspondence provides, for the first time, an edition of the messages exchanged between Harold Macmillan and Dwight D. Eisenhower during their tenures as national leaders in the late 1950s. The collection consists of more than 400 letters, cables and transcripts of telephone conversations. This extensive correspondence reveals the agreements and disagreements between Macmillan and Eisenhower and their approaches to the major political issues of their time. The correspondence also shows how Macmillan and Eisenhower preserved and strengthened the Anglo-American alliance at a critical time in the history of the Cold War. 
650 1 4 |a History. 
650 2 4 |a History of Britain and Ireland. 
650 2 4 |a History of the Americas. 
650 2 4 |a Modern History. 
650 2 4 |a Political History. 
650 0 |a History, Modern.  |0 http://id.loc.gov/authorities/subjects/sh85061236 
650 0 |a History.  |0 http://id.loc.gov/authorities/subjects/sh85061212 
650 0 |a World politics.  |0 http://id.loc.gov/authorities/subjects/sh85148216 
651 0 |a America  |x History.  |0 http://id.loc.gov/authorities/subjects/sh85004263 
651 0 |a Great Britain  |x History.  |0 http://id.loc.gov/authorities/subjects/sh85056719 
655 7 |a Electronic books.  |2 local 
700 1 |a Edmonds, Anthony O.,  |e editor.  |0 http://id.loc.gov/authorities/names/n98026544 
700 1 |a Geelhoed, E. Bruce,  |e editor. 
710 2 |a SpringerLink (Online service)  |0 http://id.loc.gov/authorities/names/no2005046756 
773 0 |t Springer eBooks 
776 1 8 |i Printed edition:  |z 9781349511570 
856 4 0 |u http://proxy.library.tamu.edu/login?url=https://dx.doi.org/10.1057/9780230554825  |z Connect to the full text of this electronic book  |t 0 
999 f f |s d36c9c50-d056-3a94-9f3e-784d3999d43a  |i dc9e43fa-5dc3-3d97-bcaa-94a61fb0d2df  |t 0 
952 f f |a Texas A&M University  |b College Station  |c Electronic Resources  |d Available Online  |t 0  |h No information provided 
998 f f |t 0  |l Available Online